UCM

Pedagogia filisofica: cercanias de um dialogo (Record no. 45586)

MARC details
000 -LEADER
fixed length control field 00499nam a22001697a 4500
008 - FIXED-LENGTH DATA ELEMENTS--GENERAL INFORMATION
fixed length control field 200220b ||||| |||| 00| 0 eng d
020 ## - INTERNATIONAL STANDARD BOOK NUMBER
International Standard Book Number 978-85-356-0486-3
050 ## - LIBRARY OF CONGRESS CALL NUMBER
Classification number 370.1
082 ## - DEWEY DECIMAL CLASSIFICATION NUMBER
Edition number e.g.1ªed
Classification number 370.1
100 ## - MAIN ENTRY--PERSONAL NAME
Personal name DALBOSCO, Claudio Almir
245 ## - TITLE STATEMENT
Title Pedagogia filisofica: cercanias de um dialogo
250 ## - EDITION STATEMENT
Edition statement e.g.1ªed
260 ## - PUBLICATION, DISTRIBUTION, ETC. (IMPRINT)
Place of publication, distribution, etc Sao Paulo
Name of publisher, distributor, etc Paulinas
Date of publication, distribution, etc 2007
300 ## - PHYSICAL DESCRIPTION
Extent e.g. 230 p
440 ## - SERIES STATEMENT/ADDED ENTRY--TITLE
Title Pedagogia filisofica: cercanias de um dialogo
International Standard Serial Number 978-85-356-0486-3
942 ## - ADDED ENTRY ELEMENTS (KOHA)
Source of classification or shelving scheme Universal Decimal Classification
Item type Books
Holdings
Withdrawn status Lost status Source of classification or shelving scheme Damaged status Not for loan Collection code Home library Current library Date acquired Total Checkouts Full call number Barcode Date last seen Copy number Price effective from Koha item type
    Universal Decimal Classification   Not For Loan Fiction Quelimane - Faculdade de Ciências Sociais e Políticas Quelimane - Faculdade de Ciências Sociais e Políticas 20/02/2020   370.1 22081378392 20/02/2020 1 20/02/2020 Books
    Universal Decimal Classification       Quelimane - Faculdade de Ciências Sociais e Políticas Quelimane - Faculdade de Ciências Sociais e Políticas 20/02/2020     22081378393 20/02/2020 2 20/02/2020 Books

Universidade Católica de Moçambique - Rua Marquês de Soveral, 960, Palmeiras II, Beira, Moçambique

Tel (Central): (+258) 23 313 077 - Fax: (+258) 23 311 520 - Email: reitoria@ucm.ac.mz - Web: www.ucm.ac.mz